000 00534nam a2200205Ia 4500
001 1453
003 GE_BSU
008 181216s||||||||xx |||||||||||||| ||und||
040 _cGE_BSU
080 _a630(031)
245 _aЛесная Энциклопедия. Т.1
245 _bАбелия-Лимон.
260 _aМщсква
260 _bСоветская Энциклопедия
260 _c1965
300 _a563 с. 25 см.
541 _h25 л.
653 _aЛесная Энциклопедия
942 _cBK
999 _c35590
_d35590